000 00552nam a2200217Ia 4500
003 OSt
005 20220928135413.0
006 a|||||r|||| 00| 0
007 ta
008 220927b |||||||| |||| 00| 0 eng d
024 _a1922
037 _cTextual
040 _aSDCL
_cSDCL
_beng
041 _2eng
_aeng
082 _aO-:g, M8
100 _aNoakes Susan
_9490421
245 0 _aTimely reading
_b Between exegesis and interpretation
260 _c1988
942 _hO-:g, M8
_cTEXL
_2CC
999 _c805734
_d805734